00733nam a2200193 a 450000100100000000500170001000800410002704000250006810000230009324500430011626000300015930000200018949000220020959000750023183000290030604900090033595201780034499900170052200003506420200930074100.0111024s1959 fr 000 0 spa d aDO-SdBNPbspacBNPHU1 aIgot, Yves.96071110aMonsieur et madame curie /cYves Igot. aParís :bDidier,c1959. a83 p. ;c18 cm.1 aLire et savoirv4 aPerteneció a la biblioteca personal de Juan Isidro Jimenes Grullón 0aLire et savoirv4938517 aBNPD 001050718MOaGRbGRcCTd2011-10-24iLF1l0o p35064-10r2020-06-25w2020-06-25y1zPerteneció a la biblioteca personal de Juan Isidro Jimenes Grullón.ZNo se presta c34555d34555